00549nam a22001577c 4500003000400000005001700004008004100021020001800062040001400080100002200094245018900116250001200305260003400317300001800351600002200369OSt20161004173753.0161004s2016 sp | |||| 000 0aspa d a9788416001569 bcatcCDMR1 aGraham, Katharine14aUna historia personal sobre cómo alcancé la cima del periodismo en un mundo de hombrescKatharine Graham ; traducción de María Luisa Rodríguez Tapia y José Manuel Calvo Roy a1ª ed. aMadridbLibros del K.O.c2016 a557 p.c22 cm10aGraham, Katharine